[Event "ARG-chT"]
[Site "Villa Martelli"]
[Date "2017.08.12"]
[Round "2.1"]
[White "Lombardi, Federico Martin"]
[Black "Garcia Lemos, Federico"]
[Result "0-1"]
[WhiteElo "2054"]
[BlackElo "2189"]
[PlyCount "114"]
[EventDate "2017.08.05"]
[EventType "team-swiss"]
[EventRounds "9"]
[EventCountry "ARG"]
[SourceTitle "CBM 180 Extra"]
[Source "ChessBase"]
[SourceDate "2017.10.06"]
[SourceVersion "1"]
[SourceVersionDate "2017.10.06"]
[SourceQuality "1"]
[WhiteTeam "Nac del Sur Univ"]
[BlackTeam "Tres de Febrero Ajedrez"]
[WhiteTeamCountry "ARG"]
[BlackTeamCountry "ARG"]

1. e4 e5 2. Nf3 Nc6 3. d4 exd4 4. Nxd4 Nf6 5. Nxc6 bxc6 6. Bd3 d5 7. Qe2 dxe4 8. Nc3 Bb4 9. Bxe4 Nxe4 10. Qxe4+ Qe7 11. Qxe7+ Bxe7 12. Be3 Be6 13. 0-0-0 0-0 14. a3 Rfb8 15. Rd2 Rb7 16. Rhd1 h6 17. Na4 Rb5 18. Nc3 Ra5 19. Bf4 Rxa3 20. Rd8+ Bxd8 21. bxa3 Be7 22. Nb1 Rc8 23. Rd3 Bd5 24. g3 a5 25. Nd2 Bc5 26. Be3 Bd6 27. c4 Be6 28. c5 Be7 29. Nb3 a4 30. Nd4 Bd5 31. Nf5 Bf8 32. Rd4 Be6 33. Nh4 Ra8 34. Rd3 Kh7 35. Nf3 Ra5 36. Rc3 Bd5 37. Ne5 Rb5 38. Nd3 Be7 39. Bd4 Be4 40. Nb2 Bg5+ 41. f4 Be7 42. Nxa4 Rb1+ 43. Kd2 Rh1 44. Ke3 f5 45. Rb3 Rxh2 46. Nc3 Bh1 47. a4 g5 48. Rb7 gxf4+ 49. gxf4 Bh4 50. Rxc7+ Kg6 51. Kd3 Bf3 52. a5 Be1 53. Rg7+ Kh5 54. a6 Bg2 55. a7 Bf1+ 56. Ke3 Rh3+ 57. Rg3 Rxg3# 0-1